Science Quiz

Random Science Quiz

Dural venous sinuses Quiz Stats

 Plays Quiz not verified by Sporcle

Support Sporcle.
Go Orange.
Score 0/26 Timer 08:00
0 Plays Today
Hint Answer % Correct
11Left transverse sinus
67.5%
9Sigmoid sinus
65.9%
16Superior sagittal sinus
64.5%
13Straight sinus
56.6%
17Falx cerebri
55.3%
18Inferior sagittal sinus
54%
15Tentorium cerebelli
53.2%
7Inferior petrosal sinus
52%
4Cavernous sinus
51.4%
6Superior petrosal sinus
47.3%
14Superior sagittal sinus
45.3%
12Inferior sagittal sinus
40.9%
21Cavernous sinus
40.5%
Hint Answer % Correct
8Beginning of Internal jugular vein
39.4%
26Facial vein
36.3%
10Great cerebral vein
33.8%
3Sphenoparietal sinus
31.7%
2Intercavernous sinus
29.9%
20Superior ophthalmic vein
26.9%
1Superior ophthalmic vein
25.1%
23Inferior ophthalmic vein
25%
19Supra-orbital vein
23.7%
5Basilar plexus
20.7%
22Emissary veins
20.7%
25Maxillary vein
20.1%
24Pterygoid venous plexus
14.5%

You're not logged in!

Compare scores with friends on all Sporcle quizzes.
OR
Log In

From the Vault

2015 NFL Opening Day Quarterbacks

by metakoopa99

There is literally no job on earth worse than being the 3rd string QB for the Cleveland Browns. Literally.
Remove Ads.
Support Sporcle.
Get the best of Sporcle when you Go Orange. This ad-free experience offers more features, more stats, and more fun while also helping to support Sporcle. Thank you for becoming a member.

Show Comments

Extras

Created Sep 28, 2013ReportNominate

Top Quizzes Today


Score Distribution

Your Account Isn't Verified!

In order to create a playlist on Sporcle, you need to verify the email address you used during registration. Go to your Sporcle Settings to finish the process.

Report this User

Report this user for behavior that violates our Community Guidelines.

Details: